OPAC Home

Handbook to Kurunegala and its Neighbourhood (Record no. 83875)

MARC details
000 -LEADER
fixed length control field 00806nam a2200241Ia 4500
003 - CONTROL NUMBER IDENTIFIER
control field LK-CoDNM
005 - DATE AND TIME OF LATEST TRANSACTION
control field 20240927124818.0
008 - FIXED-LENGTH DATA ELEMENTS--GENERAL INFORMATION
fixed length control field 010623t1894 xxu||||| |||| 00| 1 eng d
040 ## - CATALOGING SOURCE
Original cataloging agency LK-CoDNM
Modifying agency LK-CoDNM
Description conventions LK-CoDNM
041 ## - LANGUAGE CODE
Language code of text/sound track or separate title English
080 ## - UNIVERSAL DECIMAL CLASSIFICATION NUMBER
Universal Decimal Classification number 24
Item number I38
942 ## - ADDED ENTRY ELEMENTS (KOHA)
Koha item type Books
100 ## - MAIN ENTRY--PERSONAL NAME
Personal name Modder,Frank.H.
245 ## - TITLE STATEMENT
Title Handbook to Kurunegala and its Neighbourhood
250 ## - EDITION STATEMENT
Edition statement 'The City Of The Elephant Rock'
260 ## - PUBLICATION, DISTRIBUTION, ETC. (IMPRINT)
Name of publisher, distributor, etc. A.M. J. Ferguson
Place of publication, distribution, etc. Colombo
Date of publication, distribution, etc. 1894
300 ## - PHYSICAL DESCRIPTION
Other physical details vii, 38p. : ill , 18 cm
500 ## - GENERAL NOTE
General note With notes on the history ,archaology ,agricultural & industrial products, irrigation , population , nationalities, religion and education.
650 ## - SUBJECT ADDED ENTRY--TOPICAL TERM
Topical term or geographic name as entry element 24I38
650 ## - SUBJECT ADDED ENTRY--TOPICAL TERM
Topical term or geographic name as entry element A.M. J. Ferguson
650 ## - SUBJECT ADDED ENTRY--TOPICAL TERM
Topical term or geographic name as entry element Handbook to Kurunegala and its Neighbourhood
650 ## - SUBJECT ADDED ENTRY--TOPICAL TERM
Topical term or geographic name as entry element Modder,Frank.H.
Holdings
Withdrawn status Lost status Damaged status Not for loan Collection code Permanent Location Current Location Shelving location Date acquired Full call number Barcode Koha item type
    Damaged   Ola Leaf Collection Library National Museum Colombo - Sri Lanka Library National Museum Colombo - Sri Lanka Reference 2024-09-27 24 I38 OJP2127 Books
Copyright © 2023 Department of National Museum, Colombo 07, Sri Lanka Funded by UNESCO IFAP UNESCO